UM Logo

Suddenly lost control of your truck/ (Record no. 8450)

MARC details
000 -LEADER
fixed length control field 00369nam a2200121 4500
008 - FIXED-LENGTH DATA ELEMENTS--GENERAL INFORMATION
fixed length control field 180207b xxu||||| |||| 00| 0 eng d
100 ## - MAIN ENTRY--PERSONAL NAME
9 (RLIN) 26171
Personal name Salazar, Tessa R.
245 ## - TITLE STATEMENT
Title Suddenly lost control of your truck/
Statement of responsibility, etc. Tessa R. Salazar.
260 ## - PUBLICATION, DISTRIBUTION, ETC. (IMPRINT)
Place of publication, distribution, etc. Philippines:
Name of publisher, distributor, etc. Philippine Daily Inquirer,
Date of publication, distribution, etc. c2016
300 ## - PHYSICAL DESCRIPTION
Extent page B3 -3;
650 #0 - SUBJECT ADDED ENTRY--TOPICAL TERM
9 (RLIN) 26178
Topical term or geographic name as entry element Accidents
942 ## - ADDED ENTRY ELEMENTS (KOHA)
Source of classification or shelving scheme Dewey Decimal Classification
Koha item type Periodicals
Holdings
Withdrawn status Lost status Source of classification or shelving scheme Damaged status Not for loan Collection code Home library Current library Date acquired Total Checkouts Date last seen Price effective from Koha item type Public note
    Dewey Decimal Classification     Periodicals UM Digos College - LIC UM Digos College - LIC 02/07/2018   02/07/2018 02/07/2018 Periodicals Newspaper Clippings